000 00420nam a2200181Ia 4500
005 20250425160958.0
008 250425s9999 xx 000 0 und d
041 _aeng
082 _a621.381958
100 _aZISSOS, D.
245 0 _aDIGITAL INTERFACE DESIGN
250 _a1ST ED.
260 _aOXFORD
260 _aReino Unido
_bOXFORD UNIVERSITY PRESS
_c1973
300 _a174
942 _c01
010 _a9708
999 _c200038
_d200038